Statistiques concernant Focus sur: Argon - Tolkien

Cliquez ici pour prendre le quiz!

Statistiques générales

  • Ce quiz a été pris 4 fois
  • Le résultat moyen est 7 sur 11

Statistiques - réponses

Informations recherchéesRéponses% Correct
EspèceElfe
100%
Première apparitionLe Silmarillion
100%
Age durant lequel il vécutPremier
100%
Groupe de l'espèceNoldor
75%
ContréeValinor
75%
FrèresFingon
50%
Turgon
50%
MèreAnairë
25%
SœurAredhel
25%
PèreFingolfin
25%
Maison (lignée)Fingolfin
25%

Distribution des résultats

Percentile par nombre de réponses

% des personnes avec chaque résultat

Votre développement - résultats

Vous n’avez pas pris ce quiz